00700 2200265 4500001002100000005001700021008004100038020001800079035002400097090001500121100002500136245008200161250001100243260003200254300002200286650001400308650001200322700002400334850001300358980001300371985000600384986001400390999001500404999001500419YOGYA-0209000001995120090227023354.0 ind  a979-518-579-9 0010-020900000019951 a657bTun A aTUNGGAL, Amin Wijaya aAkuntansi leasingbSewa guna usahacAmin Widjaja Tunggal, Arif Djohan Tunggal aCet. 1 aJakartabRineka Ciptac1994 ax, 273 hlmc21 cm aAkuntansi xLeasing aTunggal, Arif Johan aYOPDYOGB a01/05/06 a2 aPKL-UGMM] a95P0064421 a95P0064422